| 000 | 00618nam a2200169 i 4500 | ||
|---|---|---|---|
| 001 | 64825 | ||
| 003 | ES-MaACL | ||
| 005 | 20230906165224.0 | ||
| 007 | t| | ||
| 008 | 040105s1911 fr ||||1| fre d | ||
| 100 | 1 |
_aFouquier-Tinville, Antoine-Quentin. _951952 |
|
| 245 | 1 | 0 |
_aRequsitoires de Fouquier-Tinville / _cpublies d'apres les origniaux conserves aux Archives Nationales ; avec une introduction des notes et des commentaires par HectorFleixhmann. |
| 260 |
_aParĂs : _b[s.n., _c1911] ( _fL. Maretheux) |
||
| 300 |
_aXXX, 336 p. ; _c19 cm. |
||
| 700 | 1 |
_aFleixhmann, Hector. _951166 |
|
| 852 |
_aES-MaACL _jF-1066 |
||
| 999 |
_c64825 _d64825 |
||